000 01020nam a2200313 i 4500
003 EG-GICUC
005 20260121101734.0
008 260118s1950 uk ||||fr|||| 001 0 eng d
040 _aEG-GiCUC
_beng
_cEG-GiCUC
_dEG-GiCUC
_erda
041 _aeng
082 0 4 _221
_a341.33
_bNI . D
092 0 4 _221
099 _aLaw1 11 341.33 NI . D 2 ed - 1950
100 1 _aNicolson, Harold,
_eAuthor.
245 1 0 _aDiplomacy \
_cHarold Nicolson.
250 _aSecond Edition
264 _aLondon ;
_aNew York ;
_aToronto :
_bOxford University Press,
_c1950.
300 _a247 pages ;
_c24 cm.
336 _2rda content
_atext
337 _2rda media
_aComputer
338 _2rda carrier
_aOnline Resource
490 0 _aHome university library of modern knowledge ;
_v192.
504 _aIncludes Bibliography: p. 244 and index.
546 _aText in English
650 1 4 _aDiplomacy
_xPublic international law
856 4 0 _uhttps://fll.law.cu.edu.eg/fulltext/bks/B11-06534.pdf
905 _a75
942 _2ddc
_n0
_cBK
_e21
999 _c57400
_d57400